000 00285nam a22001337a 4500
008 171030b xxu||||| |||| 00| 0 eng d
020 _a9780324405989
041 _aeng
080 _a336
100 _a56
101 _aFIN
245 _aCORPORATE FINANCE
_cSUSAN,W
942 _2udc
_cBK
999 _c36355
_d36355